Evaluación del posible impacto del cambio de proveedor de una de las materias primas, sobre el desempeño de un cable guía manufacturado por una empresa de dispositivos médicos en Costa Rica
Uloženo v:
| Hlavní autor: | |
|---|---|
| Médium: | Kniha |
| Jazyk: | Spanish |
| Vydáno: |
San José, Costa Rica
2023
|
| Témata: | |
| Tagy: |
Přidat tag
Žádné tagy, Buďte první, kdo vytvoří štítek k tomuto záznamu!
|
MARC
| LEADER | 00000nam a2200000Ia 4500 | ||
|---|---|---|---|
| 003 | 013742 | ||
| 005 | 20231003161140.0 | ||
| 008 | 140114s2023 cr a 000 ||spa d | ||
| 040 | |c cru CEDI | ||
| 100 | |a Lizano Brenes, Samantha, 1994- |9 1692 | ||
| 245 | |a Evaluación del posible impacto del cambio de proveedor de una de las materias primas, sobre el desempeño de un cable guía manufacturado por una empresa de dispositivos médicos en Costa Rica | ||
| 260 | |a San José, Costa Rica |c 2023 | ||
| 500 | |a Práctica dirigida(licenciatura en ingeniería química)--Universidad de Costa Rica. Facultad de Ingeniería. Escuela de Ingeniería Química | ||
| 501 | |a Director de Práctica Dirigida de Graduación: M.B.A. Aldo Mora | ||
| 650 | |x RENDIMIENTO INDUSTRIAL |x CABLES GUIAS - UTILIZACION |x PROCESOS DE MANUFACTURA - EVALUACION |x CONTROL DE LA PRODUCCION - PLANIFICACION |x MEDICINA - APARATOS E INSTRUMENTOS | ||
| 942 | |c CEDI |h TFG 8883 |6 TFG_8883_000000000000000 | ||
| 999 | |c 13162 |d 13162 | ||
